书目信息 |
| 题名: |
我的降落伞坏了
|
|
| 作者: | 戴潍娜, 著 | |
| 分册: | ||
| 出版信息: | 成都 四川文艺出版社 2019 |
|
| 页数: | 161页 | |
| 开本: | 22cm | |
| 丛书名: | 《星星》历届年度诗歌获奖者书系 | |
| 单 册: | ||
| 中图分类: | I227 , I253.5 | |
| 科图分类: | ||
| 主题词: | 诗集--shi ji--中国--当代 , 作家--访问记--中国--当代 | |
| 电子资源: | ||
| ISBN: | 978-7-5411-5290-0 | |
| 000 | 01335nam 2200337 450 | |
| 001 | 012001007633 | |
| 005 | 20191028163107.25 | |
| 010 | @a978-7-5411-5290-0@b精装@dCNY45.00 | |
| 099 | @aCAL 012019112784 | |
| 100 | @a20190917d2019 em y0chiy50 ea | |
| 101 | 0 | @achi |
| 102 | @aCN@b510000 | |
| 105 | @ay z 000gy | |
| 106 | @ar | |
| 200 | 1 | @a我的降落伞坏了@Awo de jiang luo san huai le@f戴潍娜著 |
| 205 | @a第2版 | |
| 210 | @a成都@c四川文艺出版社@d2019 | |
| 215 | @a161页@d22cm | |
| 225 | 2 | @a《星星》历届年度诗歌获奖者书系@A《 xing xing 》 li jie nian du shi ge huo jiang zhe shu xi |
| 225 | 2 | @a当代诗人自选诗@Adang dai shi ren zi xuan shi |
| 314 | @a戴潍娜, 毕业于牛津大学, 美国杜克大学访问学者, 中国人民大学文学博士。致力于智性与灵性相结合的写作与研究。 | |
| 330 | @a本书对戴潍娜的诗歌作品做了较为全面和系统的整理, 是一本质量较高的诗歌作品选集。共有五辑,收诗四十余首,第五辑为五篇访谈录、创作谈、诗评。本书从多种角度解读现代诗歌, 为新时代诗歌的发展起到一定的启发作用。 | |
| 410 | 0 | @12001 @a《星星》历届年度诗歌获奖者书系 |
| 410 | 0 | @12001 @a当代诗人自选诗 |
| 606 | 0 | @a诗集@Ashi ji@y中国@z当代 |
| 606 | 0 | @a作家@x访问记@y中国@z当代 |
| 690 | @aI227@v5 | |
| 690 | @aI253.5@v5 | |
| 701 | 0 | @a戴潍娜,@Adai wei na@f1985-@4著 |
| 801 | 0 | @aCN@b上海新华@c20191020 |
| 905 | @b1133825-9@dI227@e631=2@f5 | |
| 我的降落伞坏了/戴潍娜著.-第2版.-成都:四川文艺出版社,2019 |
| 161页;22cm.-(《星星》历届年度诗歌获奖者书系).-(当代诗人自选诗) |
| ISBN 978-7-5411-5290-0(精装):CNY45.00 |
| 本书对戴潍娜的诗歌作品做了较为全面和系统的整理, 是一本质量较高的诗歌作品选集。共有五辑,收诗四十余首,第五辑为五篇访谈录、创作谈、诗评。本书从多种角度解读现代诗歌, 为新时代诗歌的发展起到一定的启发作用。 |
| ● |
| 相关链接 |
|
|
|
|
正题名:我的降落伞坏了
索取号:I227/631=2
 
预约/预借
| 序号 | 登录号 | 条形码 | 馆藏地/架位号 | 状态 | 备注 |
| 1 | 1133825 | 211338257 | 第一样本阅览室/ [索取号:I227/631=2] | 在馆 | |
| 2 | 1133826 | 211338266 | 第二借阅区/ [索取号:I227/631=2] | 在馆 | |
| 3 | 1133827 | 211338275 | 第二借阅区/ [索取号:I227/631=2] | 在馆 | |
| 4 | 1133828 | 211338284 | 第二借阅区/ [索取号:I227/631=2] | 在馆 | |
| 5 | 1133829 | 211338293 | 第二借阅区/ [索取号:I227/631=2] | 在馆 |